00966cam a22002655a 4500001001000000003000400010005001700014008004100031020001800072020001500090040004000105082002400145245008400169260003800253300003300291500002000324650004900344651005300393653002200446700004300468700002700511942000800538999001700546952013700563015979464OSt20180128140949.0111121s2012 enka fr 001 0 eng d a9781849042109 a1849042101 aStDuBDSbengcStDuBDSdUkdEG-ScBUE04a331.620953222bMIG00aMigrant labour in the Persian Gulf /cedited by Mehran Kamrava and Zahra Babar. aLondon :bHurst & Company,c2012. axii, 238 p. :bill. ;c22 cm aIncludes index. 7aForeign workerszPersian Gulf Region.2BUEsh 7aPersian Gulf RegionxEconomic conditions.2BUEsh bGGENcJanuary20181 aKamrava, Mehran,d1964-eeditor.948261 aBabar, Zahra,eeditor. 2ddc c26022d25994 00102ddc40708MERICaMAINbMAINc1STd2018-01-28ePurchaseg274.15h000292l0o331.620953 MIGp000047185r2025-07-15 00:00:00yBB